00161 a2200073 4500020001800000100001100018245004000029260001800069 a9781862307834 aHughes aAlfie gets in first. Shirley Hughes bRed Foxc2009